[Event "DMP Ekstraliga 2020"]
[Site "Krakow"]
[Date "2020.03.27"]
[Round "2.17"]
[White "Sadzikowski, Daniel"]
[Black "Bobras, Piotr"]
[Result "0-1"]
[WhiteElo "2522"]
[BlackElo "2487"]
[Annotator "TA"]
[PlyCount "62"]
[EventDate "2020.08.26"]
[EventType "team-tourn"]
[EventCountry "POL"]
[SourceTitle "playchess.com"]
[Source "ChessBase"]
[SourceQuality "1"]

{[%evp 11,61,38,48,43,65,28,46,50,33,41,40,39,36,8,14,12,0,-2,27,16,32,9,27,0,0,-14,-18,-170,-134,-218,-191,-195,-211,-704,-702,-862,-862,-911,-862,-918,-915,-908,-897,-852,-867,-29990,-29991,-29991,-29992,-29998,-29999,-29999]} 1. d4 Nf6 2. c4 g6 3. Nc3 Bg7 4. e4 d6 5. h3 O-O 6. Be3 Na6 7. g4 {E71: King's Indian: 4 e4 d6 5 h3.} e5 8. d5 Nc5 9. f3 {White is slightly better.} c6 10. b4 cxd5 11. cxd5 ({Much worse is} 11. bxc5 d4 $15) 11... Ncd7 {[#]} 12. Qd2 $146 ({Predecessor:} 12. Bd3 a5 13. a3 Ne8 14. h4 f5 15. gxf5 gxf5 16. h5 h6 17. Nge2 fxe4 18. Bxe4 {½-½ (46) Nihal,S (2606)-Aryan,C (2553) Xingtai 2019}) 12... a5 13. b5 Nc5 14. Nge2 Ne8 15. h4 f5 $1 {[%cal Rf5g4]} 16. g5 fxe4 17. fxe4 Bg4 $36 {[%mdl 2048] Black is more active.} 18. Rg1 Qd7 19. Bxc5 $2 {[#]} (19. Ng3 $11) 19... dxc5 $19 20. Na4 (20. Rg3 $17) 20... Nd6 ({Not} 20... Qxb5 21. Nec3 $16) 21. Nec3 Rf4 22. Bg2 $2 (22. Be2 Bxe2 23. Qxe2) 22... Raf8 23. Nxc5 Qc7 24. N5a4 Qc4 {[%cal Rd6e4]} 25. Qe3 Qd4 26. Qxd4 exd4 27. Nd1 d3 {[#] ( -> ...Nc4)} 28. Ndc3 Nc4 {[%csl Gc4][%cal Rd3d2] Black mates.} 29. Rd1 Bd4 30. Rh1 Bf2+ 31. Kf1 Ne3# {White did not feel at home in the position after the opening. Accuracy: White = 50%, Black = 94%.} 0-1

[Event "DMP Ekstraliga 2020"]
[Site "Krakow"]
[Date "2020.03.27"]
[Round "2.18"]
[White "Kiolbasa, Oliwia"]
[Black "Socko, Monika"]
[Result "1/2-1/2"]
[WhiteElo "2160"]
[BlackElo "2428"]
[Annotator "TA"]
[PlyCount "109"]
[EventDate "2020.08.26"]
[EventType "team-tourn"]
[EventCountry "POL"]
[SourceTitle "playchess.com"]
[Source "ChessBase"]
[SourceQuality "1"]

{[%evp 22,109,23,8,18,21,9,0,0,-16,-13,-79,-75,-58,-79,-65,-12,-35,0,0,0,0,16,0,0,0,0,20,141,121,130,91,91,89,79,67,86,72,87,73,89,78,97,76,186,165,261,272,266,264,211,47,47,47,289,289,289,161,1741,318,318,290,289,191,179,54,54,54,54,54,54,54,54,54,54,0,54,54,54,54,54,54,54,0,54,0,54,0,58,0]} 1. e4 c6 2. d4 d5 3. Nd2 dxe4 4. Nxe4 Bf5 5. Ng3 Bg6 6. h4 h6 7. Nf3 Nd7 8. h5 Bh7 9. Bd3 Bxd3 10. Qxd3 e6 11. Bd2 Ngf6 12. O-O-O a5 {[%cal Ba7a5,Ba5a4,Ba4a3][%mdl 32] B19: Classical Caro-Kann: 4...Bf5 main line.} 13. Kb1 a4 14. Rhe1 {aiming for Rxe6+!} Be7 {The position is equal.} 15. Ne5 Nxe5 16. Rxe5 (16. dxe5 $11 {remains equal.} Qxd3 17. cxd3) 16... O-O $17 {[#]} 17. f4 $146 ({Predecessor:} 17. Ree1 a3 18. b3 Qc7 19. Rh1 Rfd8 20. c3 c5 21. Be3 Rac8 22. Qc4 b5 23. Qxb5 cxd4 24. Rxd4 Nd5 25. Rc4 Nxc3+ 26. Rxc3 Qxc3 27. Qe2 Bf6 {0-1 (27) Vontina,M (621)-Husemann,A (2067) LSS email 2012}) 17... a3 {Threatens to win with ...axb2.} 18. b3 Bd6 ({Better is} 18... Qc7 $15) 19. Ree1 $11 Qc7 20. Qf3 c5 21. dxc5 Qxc5 22. Ne4 Nxe4 23. Qxe4 Rfc8 24. g4 Ra4 (24... Be7 $11) 25. c4 $1 $36 {[%mdl 2048] White has strong initiative.} (25. bxa4 $2 {too greedy.} Qb6+ 26. Bb4 Bxb4 $19) 25... Ra6 26. Be3 Qc6 27. Qxc6 Raxc6 28. Re2 Bc5 29. Bc1 Rd6 30. Red2 Rxd2 31. Bxd2 {[%mdl 4096] Endgame KRB-KRB} Rd8 32. Kc2 g6 (32... Rd4 $16 {was called for.}) 33. b4 $1 $18 {[%cal Rb4c5]} Bf8 (33... Bf2 $142 34. hxg6 fxg6) 34. Bc3 Rxd1 35. Kxd1 {KB-KB} Bd6 {[#]} 36. Bd2 $2 ({Only move:} 36. c5 $1 $18 {[%cal Rc5d6]} Bxf4 37. Bd2) 36... f5 $14 37. c5 Bb8 $2 (37... Be7 $1 $14) 38. gxf5 $18 exf5 39. hxg6 {Black must now prevent Bc3.} h5 $2 (39... Kg7) 40. Ke2 $2 (40. b5 Kf8 41. Ke2) 40... Kg7 41. Kf3 Kxg6 42. Bc1 Kf6 {[#]} 43. Bxa3 (43. Kg3 $1 $18) 43... Ke6 $1 $14 44. Bb2 h4 45. a4 {[%cal Ba2a4,Ba4a5][%mdl 32] Strongly threatening b5.} Bc7 $1 46. a5 {Be5! is the strong threat.} Kd5 47. Bc3 Kc6 48. Bd2 (48. Be5 $14 Bd8 49. Kg2) 48... Kb5 (48... Bd8 $1 $11) 49. Kg2 Bd8 50. Kh3 Bf6 51. Be1 Kc6 52. Bd2 Kb5 53. Be1 Kc6 $1 54. Bd2 Kb5 55. Be1 {White really could win this. Accuracy: White = 71%, Black = 68%.} ({White should try} 55. Be3 $14) 1/2-1/2

[Event "DMP Ekstraliga 2020"]
[Site "Krakow"]
[Date "2020.03.27"]
[Round "2.19"]
[White "Antoniewski, Rafal"]
[Black "Matuszewski, Michal"]
[Result "1/2-1/2"]
[WhiteElo "2490"]
[BlackElo "2508"]
[Annotator "ChessBase"]
[PlyCount "27"]
[EventDate "2020.08.26"]
[EventType "team-tourn"]
[EventCountry "POL"]
[SourceTitle "playchess.com"]
[Source "ChessBase"]
[SourceQuality "1"]
[TimeControl "30/5400+30:1800+30"]

1. c4 {[%emt 0:00:00]} f5 {[%emt 0:00:00]} 2. Nf3 {[%emt 0:01:13]} Nf6 {[%emt 0:00:00]} 3. g3 {[%emt 0:00:48]} g6 {[%emt 0:00:00]} 4. Bg2 {[%emt 0:01:26]} Bg7 {[%emt 0:00:00]} 5. O-O {[%emt 0:00:06]} d6 {[%emt 0:00:03]} 6. d4 {[%emt 0:00:05]} O-O {[%emt 0:00:04]} 7. b3 {[%emt 0:00:04]} a5 {[%emt 0:01:11]} 8. Bb2 {[%emt 0:00:15]} c6 {[%emt 0:05:58]} 9. Nc3 {[%emt 0:02:00]} Na6 {[%emt 0:00:23]} 10. Qc2 {[%emt 0:06:23]} Rb8 {[%emt 0:05:50]} 11. Rfd1 {[%emt 0:15:22]} Bd7 {[%emt 0:16:52]} 12. e4 {[%emt 0:12:49]} f4 {[%emt 0:03:41]} 13. e5 {[%emt 0:07:19]} Nh5 {[%emt 0:15:25]} 14. Qe2 {[%emt 0:24:12]} 1/2-1/2

[Event "DMP Ekstraliga 2020"]
[Site "Krakow"]
[Date "2020.03.27"]
[Round "2.20"]
[White "Leniart, Arkadiusz"]
[Black "Cyborowski, Lukasz"]
[Result "0-1"]
[WhiteElo "2482"]
[BlackElo "2508"]
[Annotator "ChessBase"]
[PlyCount "46"]
[EventDate "2020.08.26"]
[EventType "team-tourn"]
[EventCountry "POL"]
[SourceTitle "playchess.com"]
[Source "ChessBase"]
[SourceQuality "1"]
[TimeControl "30/5400+30:1800+30"]

1. e4 {[%emt 0:00:00]} c5 {[%emt 0:00:00]} 2. Nf3 {[%emt 0:00:00]} Nc6 {[%emt 0:01:13]} 3. d4 {[%emt 0:00:00]} cxd4 {[%emt 0:00:06]} 4. Nxd4 {[%emt 0:00:00]} g6 {[%emt 0:01:19]} 5. c4 {[%emt 0:00:13]} Nf6 {[%emt 0:01:54]} 6. Nc3 {[%emt 0:00:40]} Nxd4 {[%emt 0:00:28]} 7. Qxd4 {[%emt 0:00:10]} d6 {[%emt 0:00:03]} 8. c5 {[%emt 0:16:45]} Bg7 {[%emt 0:02:03]} 9. Bb5+ {[%emt 0:07:30]} Bd7 {[%emt 0:01:03]} 10. Bxd7+ {[%emt 0:00:15]} Qxd7 {[%emt 0:00:08]} 11. cxd6 {[%emt 0:00:08]} O-O {[%emt 0:04:20]} 12. Qb4 {[%emt 0:03:42]} a5 {[%emt 0:27:30]} 13. Qb5 {[%emt 0:02:19]} exd6 {[%emt 0:04:37]} 14. Qd3 {[%emt 0:05:28]} b5 {[%emt 0:05:36]} 15. Bg5 {[%emt 0:27:18]} Qg4 {[%emt 0:32:02]} 16. Bxf6 {[%emt 0:05:45]} Qxg2 {[%emt 0:00:12]} 17. Bxg7 {[%emt 0:19:14]} Qxh1+ {[%emt 0:00:06]} 18. Ke2 {[%emt 0:00:02]} Qxa1 {[%emt 0:00:07]} 19. Bf6 {[%emt 0:00:04]} Rae8 {[%emt 0:02:03]} 20. Nd5 {[%emt 0:01:39]} Re6 {[%emt 0:02:25]} 21. Qe3 {[%emt 0:05:35]} Qh1 {[%emt 0:03:37]} 22. f3 {[%emt 0:01:47]} Qxh2+ {[%emt 0:00:20]} 23. Kd3 {[%emt 0:00:06]} Rc8 {[%emt 0:01:12]} 0-1

[Event "DMP Ekstraliga 2020"]
[Site "Krakow"]
[Date "2020.03.27"]
[Round "2.21"]
[White "Nurkiewicz, Maciej"]
[Black "Nguyen, Piotr"]
[Result "0-1"]
[WhiteElo "2326"]
[BlackElo "2422"]
[Annotator "ChessBase"]
[PlyCount "73"]
[EventDate "2020.08.26"]
[EventType "team-tourn"]
[EventCountry "POL"]
[SourceTitle "playchess.com"]
[Source "ChessBase"]
[SourceQuality "1"]
[TimeControl "30/5400+30:1800+30"]

1. d4 {[%emt 0:00:00]} d6 {[%emt 0:00:00]} 2. c4 {[%emt 0:00:00]} e5 {[%emt 0:00:00]} 3. Nc3 {[%emt 0:01:17]} exd4 {[%emt 0:00:06]} 4. Qxd4 {[%emt 0:00:08]} Nf6 {[%emt 0:00:07]} 5. b3 {[%emt 0:03:21]} Nc6 {[%emt 0:00:38]} 6. Qd2 {[%emt 0:01:08]} Be6 {[%emt 0:15:07]} 7. e4 {[%emt 0:01:27]} a5 {[%emt 0:00:39]} 8. Bb2 {[%emt 0:06:10]} a4 {[%emt 0:03:47]} 9. Rd1 {[%emt 0:00:17]} axb3 {[%emt 0:06:01]} 10. axb3 {[%emt 0:00:03]} Nd7 {[%emt 0:02:15]} 11. Nd5 {[%emt 0:25:17]} Nc5 {[%emt 0:05:51]} 12. Qe3 {[%emt 0:00:27]} Ra2 {[%emt 0:12:50]} 13. Rd2 {[%emt 0:00:16]} Ne5 {[%emt 0:05:53]} 14. f4 {[%emt 0:41:35]} Ng4 {[%emt 0:01:58]} 15. Qf3 {[%emt 0:01:11]} c6 {[%emt 0:10:29]} 16. f5 {[%emt 0:01:23]} Bxd5 {[%emt 0:05:45]} 17. exd5 {[%emt 0:06:13]} Ne5 {[%emt 0:05:06]} 18. Qe3 {[%emt 0:03:46]} Qh4+ {[%emt 0:02:15]} 19. g3 {[%emt 0:00:09]} Qe4 {[%emt 0:00:07]} 20. Qxe4 {[%emt 0:00:11]} Nxe4 {[%emt 0:00:05]} 21. Rc2 {[%emt 0:00:14]} Be7 {[%emt 0:02:54]} 22. Be2 {[%emt 0:02:08]} Bf6 {[%emt 0:03:05]} 23. Nh3 {[%emt 0:00:13]} Nd7 {[%emt 0:09:40]} 24. Bf3 {[%emt 0:00:53]} Ndc5 {[%emt 0:00:34]} 25. Bxe4 {[%emt 0:00:40]} Nxe4 {[%emt 0:00:04]} 26. Re2 {[%emt 0:00:05]} Rxb2 {[%emt 0:00:11]} 27. Rxe4+ {[%emt 0:00:14]} Kd7 {[%emt 0:00:03]} 28. dxc6+ {[%emt 0:01:16]} bxc6 {[%emt 0:00:04]} 29. O-O {[%emt 0:00:18]} Ra8 {[%emt 0:03:09]} 30. Nf2 {[%emt 0:00:44]} Raa2 {[%emt 0:00:22]} 31. Ng4 {[%emt 0:30:40]} Bd8 {[%emt 0:31:43]} 32. f6 {[%emt 0:03:29]} g6 {[%emt 0:00:49]} 33. c5 {[%emt 0:00:07]} Rg2+ {[%emt 0:01:24]} 34. Kh1 {[%emt 0:00:02]} h5 {[%emt 0:00:07]} 35. Rd1 {[%emt 0:01:26]} hxg4 {[%emt 0:01:16]} 36. Rxd6+ {[%emt 0:00:05]} Kc7 {[%emt 0:00:10]} 37. Re8 {[%emt 0:00:08]} 0-1

[Event "DMP Ekstraliga 2020"]
[Site "Krakow"]
[Date "2020.03.27"]
[Round "2.22"]
[White "Zwardon, Vojtech"]
[Black "Bartel, Michal"]
[Result "1-0"]
[WhiteElo "2481"]
[BlackElo "2274"]
[Annotator "ChessBase"]
[PlyCount "91"]
[EventDate "2020.08.26"]
[EventType "team-tourn"]
[EventCountry "POL"]
[SourceTitle "playchess.com"]
[Source "ChessBase"]
[SourceQuality "1"]
[TimeControl "30/5400+30:1800+30"]

1. c4 {[%emt 0:00:00]} e5 {[%emt 0:00:00]} 2. g3 {[%emt 0:00:00]} d6 {[%emt 0:00:00]} 3. Bg2 {[%emt 0:00:00]} f5 {[%emt 0:00:05]} 4. d4 {[%emt 0:00:00]} Be7 {[%emt 0:00:12]} 5. Nc3 {[%emt 0:00:16]} Nf6 {[%emt 0:01:45]} 6. e3 {[%emt 0:06:39]} c6 {[%emt 0:01:34]} 7. Nge2 {[%emt 0:00:13]} O-O {[%emt 0:01:30]} 8. b3 {[%emt 0:00:45]} Qe8 {[%emt 0:03:45]} 9. Ba3 {[%emt 0:01:17]} Nbd7 {[%emt 0:01:46]} 10. Qc2 {[%emt 0:00:58]} e4 {[%emt 0:18:10]} 11. h4 {[%emt 0:00:40]} Ng4 {[%emt 0:07:34]} 12. Nf4 {[%emt 0:01:36]} Ndf6 {[%emt 0:04:14]} 13. b4 {[%emt 0:03:24]} Bd7 {[%emt 0:01:53]} 14. Qb3 {[%emt 0:00:17]} Qf7 {[%emt 0:06:06]} 15. b5 {[%emt 0:02:16]} a6 {[%emt 0:05:19]} 16. bxc6 {[%emt 0:00:16]} bxc6 {[%emt 0:00:10]} 17. Rb1 {[%emt 0:00:05]} c5 {[%emt 0:13:46]} 18. Ncd5 {[%emt 0:05:18]} Nxd5 {[%emt 0:01:33]} 19. Nxd5 {[%emt 0:00:20]} Be6 {[%emt 0:03:59]} 20. Nxe7+ {[%emt 0:00:33]} Qxe7 {[%emt 0:00:09]} 21. d5 {[%emt 0:00:12]} Bc8 {[%emt 0:01:12]} 22. Bb2 {[%emt 0:04:20]} a5 {[%emt 0:00:55]} 23. O-O {[%emt 0:02:08]} a4 {[%emt 0:01:13]} 24. Qc2 {[%emt 0:00:19]} g5 {[%emt 0:04:09]} 25. hxg5 {[%emt 0:08:30]} Qxg5 {[%emt 0:00:02]} 26. Bh3 {[%emt 0:00:30]} Nh6 {[%emt 0:01:27]} 27. Qc3 {[%emt 0:00:55]} Nf7 {[%emt 0:00:57]} 28. Qf6 {[%emt 0:00:28]} a3 {[%emt 0:01:48]} 29. Ba1 {[%emt 0:01:07]} Ra4 {[%emt 0:00:49]} 30. Rfc1 {[%emt 0:00:50]} h5 {[%emt 0:03:32]} 31. Rb6 {[%emt 0:31:51]} Rd8 {[%emt 0:32:59]} 32. Rb8 {[%emt 0:04:03]} Rf8 {[%emt 0:00:04]} 33. Rb6 {[%emt 0:01:59]} Rd8 {[%emt 0:00:30]} 34. Kh2 {[%emt 0:00:10]} Qxf6 {[%emt 0:01:38]} 35. Bxf6 {[%emt 0:00:04]} Re8 {[%emt 0:00:04]} 36. Bf1 {[%emt 0:01:48]} Kh7 {[%emt 0:00:19]} 37. Be2 {[%emt 0:01:51]} Kg6 {[%emt 0:00:05]} 38. Ba1 {[%emt 0:00:03]} Rd8 {[%emt 0:01:59]} 39. Kg2 {[%emt 0:00:15]} Nh6 {[%emt 0:00:19]} 40. Be5 {[%emt 0:00:00]} Nf7 {[%emt 0:00:00]} 41. Bf4 {[%emt 0:00:00]} Ba6 {[%emt 0:00:00]} 42. Rh1 {[%emt 0:00:00]} Bxc4 {[%emt 0:00:00]} 43. Bxh5+ {[%emt 0:00:00]} Kg7 {[%emt 0:00:00]} 44. Bxf7 {[%emt 0:00:00]} Kxf7 {[%emt 0:00:00]} 45. Rb7+ {[%emt 0:00:00]} Kg8 {[%emt 0:00:00]} 46. Rhh7 {[%emt 0:00:00]} 1-0

[Event "DMP Ekstraliga 2020"]
[Site "Krakow"]
[Date "2020.03.27"]
[Round "2.23"]
[White "Sliwerski, Radoslaw"]
[Black "Mikrut, Dariusz"]
[Result "0-1"]
[WhiteElo "2042"]
[BlackElo "2390"]
[Annotator "ChessBase"]
[PlyCount "66"]
[EventDate "2020.08.26"]
[EventType "team-tourn"]
[EventCountry "POL"]
[SourceTitle "playchess.com"]
[Source "ChessBase"]
[SourceQuality "1"]
[TimeControl "30/5400+30:1800+30"]

1. d4 {[%emt 0:00:00]} Nf6 {[%emt 0:00:00]} 2. c4 {[%emt 0:00:00]} g6 {[%emt 0:00:09]} 3. g3 {[%emt 0:00:00]} Bg7 {[%emt 0:00:07]} 4. Bg2 {[%emt 0:00:00]} O-O {[%emt 0:00:12]} 5. Nf3 {[%emt 0:00:00]} d6 {[%emt 0:00:10]} 6. O-O {[%emt 0:00:00]} c6 {[%emt 0:00:05]} 7. Nc3 {[%emt 0:00:06]} Bf5 {[%emt 0:00:07]} 8. Re1 {[%emt 0:06:51]} Ne4 {[%emt 0:01:11]} 9. Nh4 {[%emt 0:00:52]} Nxc3 {[%emt 0:00:06]} 10. bxc3 {[%emt 0:00:03]} Be6 {[%emt 0:00:47]} 11. Rb1 {[%emt 0:00:51]} Qc8 {[%emt 0:03:52]} 12. Qa4 {[%emt 0:07:41]} Nd7 {[%emt 0:06:47]} 13. d5 {[%emt 0:08:25]} Nc5 {[%emt 0:11:19]} 14. Qc2 {[%emt 0:16:31]} cxd5 {[%emt 0:00:23]} 15. cxd5 {[%emt 0:00:16]} Bd7 {[%emt 0:00:07]} 16. Be3 {[%emt 0:01:34]} b6 {[%emt 0:00:39]} 17. Rbc1 {[%emt 0:10:33]} Na4 {[%emt 0:03:51]} 18. c4 {[%emt 0:08:49]} Qa6 {[%emt 0:02:50]} 19. Qe4 {[%emt 0:03:40]} Rfe8 {[%emt 0:01:17]} 20. Nf3 {[%emt 0:15:19]} Rac8 {[%emt 0:06:09]} 21. Qh4 {[%emt 0:08:12]} Nc3 {[%emt 0:11:08]} 22. Bd4 {[%emt 0:07:50]} Bxd4 {[%emt 0:02:59]} 23. Ng5 {[%emt 0:02:45]} h5 {[%emt 0:01:14]} 24. Qxd4 {[%emt 0:00:42]} Qxc4 {[%emt 0:00:29]} 25. Qxc4 {[%emt 0:00:20]} Rxc4 {[%emt 0:00:08]} 26. Bf1 {[%emt 0:00:21]} Rec8 {[%emt 0:00:18]} 27. Kg2 {[%emt 0:01:03]} f6 {[%emt 0:03:57]} 28. e4 {[%emt 0:00:28]} R4c7 {[%emt 0:03:00]} 29. Ba6 {[%emt 0:00:06]} Rb8 {[%emt 0:18:40]} 30. Ne6 {[%emt 0:00:04]} Bxe6 {[%emt 0:00:07]} 31. dxe6 {[%emt 0:30:08]} Rc5 {[%emt 0:30:47]} 32. Rc2 {[%emt 0:01:57]} b5 {[%emt 0:01:19]} 33. Rec1 {[%emt 0:00:27]} Na4 {[%emt 0:03:42]} 0-1

[Event "DMP Ekstraliga 2020"]
[Site "Krakow"]
[Date "2020.03.27"]
[Round "2.24"]
[White "Leks, Maria"]
[Black "Kulon, Klaudia"]
[Result "0-1"]
[WhiteElo "2080"]
[BlackElo "2336"]
[Annotator "ChessBase"]
[PlyCount "116"]
[EventDate "2020.08.26"]
[EventType "team-tourn"]
[EventCountry "POL"]
[SourceTitle "playchess.com"]
[Source "ChessBase"]
[SourceQuality "1"]
[TimeControl "30/5400+30:1800+30"]

1. e4 {[%emt 0:00:00]} e5 {[%emt 0:00:00]} 2. Nf3 {[%emt 0:00:00]} Nc6 {[%emt 0:00:00]} 3. Bc4 {[%emt 0:00:00]} Nf6 {[%emt 0:00:00]} 4. d3 {[%emt 0:00:00]} h6 {[%emt 0:00:14]} 5. c3 {[%emt 0:00:15]} d6 {[%emt 0:00:05]} 6. O-O {[%emt 0:00:10]} g6 {[%emt 0:00:08]} 7. d4 {[%emt 0:01:16]} Qe7 {[%emt 0:00:07]} 8. Re1 {[%emt 0:00:06]} Bg7 {[%emt 0:00:17]} 9. h3 {[%emt 0:00:08]} O-O {[%emt 0:00:25]} 10. Nbd2 {[%emt 0:00:10]} Bd7 {[%emt 0:02:47]} 11. Nf1 {[%emt 0:01:12]} Rae8 {[%emt 0:01:54]} 12. Ng3 {[%emt 0:01:07]} Na5 {[%emt 0:05:18]} 13. Bd3 {[%emt 0:01:12]} c5 {[%emt 0:00:53]} 14. d5 {[%emt 0:03:13]} b5 {[%emt 0:02:24]} 15. b4 {[%emt 0:03:22]} Nb7 {[%emt 0:06:40]} 16. a4 {[%emt 0:08:29]} c4 {[%emt 0:01:25]} 17. Bc2 {[%emt 0:02:44]} Ra8 {[%emt 0:00:20]} 18. axb5 {[%emt 0:01:47]} Bxb5 {[%emt 0:00:25]} 19. Ba4 {[%emt 0:00:10]} a6 {[%emt 0:07:56]} 20. Qc2 {[%emt 0:03:47]} Qd7 {[%emt 0:06:23]} 21. Be3 {[%emt 0:01:23]} Nh7 {[%emt 0:06:28]} 22. Ra2 {[%emt 0:04:42]} Bxa4 {[%emt 0:05:25]} 23. Qxa4 {[%emt 0:03:21]} Qxa4 {[%emt 0:00:04]} 24. Rxa4 {[%emt 0:00:04]} f5 {[%emt 0:00:10]} 25. exf5 {[%emt 0:11:15]} gxf5 {[%emt 0:00:31]} 26. Nh5 {[%emt 0:00:11]} f4 {[%emt 0:02:28]} 27. Bb6 {[%emt 0:06:57]} Rf5 {[%emt 0:19:08]} 28. Nxg7 {[%emt 0:00:26]} Kxg7 {[%emt 0:00:04]} 29. b5 {[%emt 0:01:30]} a5 {[%emt 0:00:04]} 30. Rxc4 {[%emt 0:07:07]} Rf7 {[%emt 0:00:04]} 31. Rc6 {[%emt 0:41:51]} Nf6 {[%emt 0:30:39]} 32. c4 {[%emt 0:00:03]} a4 {[%emt 0:00:53]} 33. Nd2 {[%emt 0:01:40]} a3 {[%emt 0:02:39]} 34. Ra1 {[%emt 0:04:36]} a2 {[%emt 0:00:50]} 35. f3 {[%emt 0:00:12]} Kg6 {[%emt 0:05:15]} 36. Bf2 {[%emt 0:01:25]} Kf5 {[%emt 0:00:46]} 37. Ra6 {[%emt 0:00:26]} Rg8 {[%emt 0:00:24]} 38. R1xa2 {[%emt 0:04:29]} Rfg7 {[%emt 0:01:06]} 39. g4+ {[%emt 0:00:06]} fxg3 {[%emt 0:00:05]} 40. Be3 {[%emt 0:00:00]} g2 {[%emt 0:00:00]} 41. Ra8 {[%emt 0:00:00]} Nd8 {[%emt 0:00:00]} 42. Bb6 {[%emt 0:00:00]} Nh5 {[%emt 0:00:00]} 43. Ne4 {[%emt 0:00:00]} Nf4 {[%emt 0:00:00]} 44. Nf2 {[%emt 0:00:00]} Nf7 {[%emt 0:00:00]} 45. Rxg8 {[%emt 0:00:00]} Rxg8 {[%emt 0:00:00]} 46. Ng4 {[%emt 0:04:58]} Ng5 {[%emt 0:00:00]} 47. Ne3+ {[%emt 0:00:18]} Kf6 {[%emt 0:00:08]} 48. Nxg2 {[%emt 0:00:12]} Nxf3+ {[%emt 0:00:13]} 49. Kh1 {[%emt 0:03:14]} Nh5 {[%emt 0:00:31]} 50. Ne1 {[%emt 0:12:35]} Ng3+ {[%emt 0:01:06]} 51. Kg2 {[%emt 0:00:05]} Nxe1+ {[%emt 0:00:05]} 52. Kf2 {[%emt 0:00:10]} Nd3+ {[%emt 0:00:07]} 53. Ke3 {[%emt 0:00:22]} Nf4 {[%emt 0:00:11]} 54. Bc7 {[%emt 0:00:37]} Nf5+ {[%emt 0:00:36]} 55. Ke4 {[%emt 0:00:41]} Rg3 {[%emt 0:00:21]} 56. Bd8+ {[%emt 0:00:27]} Kg6 {[%emt 0:00:04]} 57. Bb6 {[%emt 0:00:17]} Nxh3 {[%emt 0:00:09]} 58. Ra8 {[%emt 0:00:30]} Ng5# {[%emt 0:00:05]} 0-1

[Event "DMP Ekstraliga 2020"]
[Site "Krakow"]
[Date "2020.03.27"]
[Round "2.25"]
[White "Harikrishna, Pentala"]
[Black "Huschenbeth, Niclas"]
[Result "1-0"]
[WhiteElo "2732"]
[BlackElo "2605"]
[Annotator "ChessBase"]
[PlyCount "125"]
[EventDate "2020.08.26"]
[EventType "team-tourn"]
[EventCountry "POL"]
[SourceTitle "playchess.com"]
[Source "ChessBase"]
[SourceQuality "1"]
[TimeControl "30/5400+30:1800+30"]

1. d4 {[%emt 0:00:00]} Nf6 {[%emt 0:00:00]} 2. c4 {[%emt 0:00:00]} e6 {[%emt 0:00:00]} 3. Nf3 {[%emt 0:00:00]} d5 {[%emt 0:00:00]} 4. Nc3 {[%emt 0:00:00]} dxc4 {[%emt 0:00:00]} 5. e3 {[%emt 0:00:10]} a6 {[%emt 0:00:20]} 6. Bxc4 {[%emt 0:00:08]} b5 {[%emt 0:00:49]} 7. Bd3 {[%emt 0:03:53]} Bb7 {[%emt 0:04:59]} 8. Qe2 {[%emt 0:06:07]} c5 {[%emt 0:10:24]} 9. dxc5 {[%emt 0:00:55]} b4 {[%emt 0:08:51]} 10. Na4 {[%emt 0:04:00]} Nbd7 {[%emt 0:00:11]} 11. O-O {[%emt 0:04:04]} Nxc5 {[%emt 0:08:54]} 12. Nxc5 {[%emt 0:03:37]} Bxc5 {[%emt 0:00:04]} 13. e4 {[%emt 0:01:07]} Qb6 {[%emt 0:12:14]} 14. Ne5 {[%emt 0:03:26]} O-O {[%emt 0:08:29]} 15. Bf4 {[%emt 0:05:39]} a5 {[%emt 0:10:45]} 16. Rac1 {[%emt 0:05:33]} Rfd8 {[%emt 0:02:20]} 17. Rc2 {[%emt 0:08:54]} Qa7 {[%emt 0:07:03]} 18. Bg5 {[%emt 0:04:19]} Bd6 {[%emt 0:13:51]} 19. Nc4 {[%emt 0:10:49]} Be7 {[%emt 0:02:39]} 20. e5 {[%emt 0:02:30]} Nd5 {[%emt 0:00:03]} 21. Bxe7 {[%emt 0:00:25]} Nxe7 {[%emt 0:00:01]} 22. Nd6 {[%emt 0:00:26]} Ba6 {[%emt 0:00:20]} 23. Bxa6 {[%emt 0:14:37]} Qxa6 {[%emt 0:00:03]} 24. Qe4 {[%emt 0:00:28]} Rd7 {[%emt 0:02:07]} 25. h4 {[%emt 0:01:18]} Rad8 {[%emt 0:00:43]} 26. h5 {[%emt 0:01:29]} Nc8 {[%emt 0:02:24]} 27. Rc6 {[%emt 0:03:59]} Nxd6 {[%emt 0:00:06]} 28. exd6 {[%emt 0:00:05]} Qb5 {[%emt 0:00:42]} 29. Qf3 {[%emt 0:03:03]} Qd5 {[%emt 0:02:28]} 30. Qxd5 {[%emt 0:05:33]} exd5 {[%emt 0:00:03]} 31. Rfc1 {[%emt 0:33:46]} Kf8 {[%emt 0:30:05]} 32. R1c5 {[%emt 0:00:21]} Rxd6 {[%emt 0:00:06]} 33. Rxd6 {[%emt 0:00:08]} Rxd6 {[%emt 0:00:04]} 34. Kf1 {[%emt 0:00:14]} Ke7 {[%emt 0:03:38]} 35. Rxa5 {[%emt 0:01:22]} Ke6 {[%emt 0:00:23]} 36. Ke2 {[%emt 0:01:40]} Rc6 {[%emt 0:00:25]} 37. Kd2 {[%emt 0:00:16]} Ke5 {[%emt 0:02:16]} 38. Ra7 {[%emt 0:01:15]} Rf6 {[%emt 0:00:34]} 39. f3 {[%emt 0:02:05]} Kd4 {[%emt 0:00:26]} 40. Ra4 {[%emt 0:00:00]} Kc5 {[%emt 0:00:00]} 41. Ke3 {[%emt 0:00:00]} Re6+ {[%emt 0:00:00]} 42. Kd3 {[%emt 0:00:00]} Re7 {[%emt 0:00:00]} 43. Ra5+ {[%emt 0:00:00]} Kc6 {[%emt 0:00:00]} 44. g4 {[%emt 0:00:00]} f5 {[%emt 0:00:00]} 45. g5 {[%emt 0:00:00]} f4 {[%emt 0:00:00]} 46. Kd4 {[%emt 0:00:00]} Re2 {[%emt 0:00:00]} 47. b3 {[%emt 0:00:00]} Rh2 {[%emt 0:00:00]} 48. Rc5+ {[%emt 0:00:00]} Kb6 {[%emt 0:00:00]} 49. Rxd5 {[%emt 0:00:00]} Rxa2 {[%emt 0:01:25]} 50. g6 {[%emt 0:01:25]} hxg6 {[%emt 0:01:28]} 51. Rd6+ {[%emt 0:00:25]} Kb5 {[%emt 0:00:07]} 52. Rxg6 {[%emt 0:00:12]} Rh2 {[%emt 0:02:22]} 53. Rg5+ {[%emt 0:01:08]} Kc6 {[%emt 0:00:01]} 54. Ke4 {[%emt 0:01:04]} Kd6 {[%emt 0:01:48]} 55. Kxf4 {[%emt 0:03:16]} Ke6 {[%emt 0:00:34]} 56. Rxg7 {[%emt 0:01:22]} Rxh5 {[%emt 0:00:03]} 57. Rb7 {[%emt 0:00:45]} Rh4+ {[%emt 0:01:14]} 58. Kg5 {[%emt 0:00:06]} Rd4 {[%emt 0:00:26]} 59. f4 {[%emt 0:00:05]} Kd6 {[%emt 0:00:38]} 60. f5 {[%emt 0:00:13]} Kc5 {[%emt 0:00:31]} 61. f6 {[%emt 0:00:33]} Rd3 {[%emt 0:00:26]} 62. f7 {[%emt 0:00:40]} Rf3 {[%emt 0:00:23]} 63. Kg6 {[%emt 0:00:17]} 1-0